000 00784nam a2200241 i 4500
001 96686
003 ES-MaACL
005 20250826005518.0
007 t|
008 050629s1969 sp ||||1| spa d
080 _a327.32
100 1 _aMallet, Serge.
_975805
245 1 3 _aLa nueva condición obrera /
_cSerge Mallet ; [traducido por Enrique Tierno Galván].
260 _aMadrid :
_bTecnos,
_c1969.
300 _a202 p. ;
_c23 cm.
490 1 _aSemilla y surco. Colección de ciencias sociales. Serie de sociología
650 7 _aMovimiento obrero
_2embne
_915207
700 1 _aTierno Galván, Enrique,
_d1918-1986
_9110235
830 1 0 _aSemilla y surco.
_pSerie de sociología
_9180377
852 4 _aES-MaACL
_jC-37917
942 _2udc
999 _c96686
_d96686